Funkčná klasifikácia výdavkov štátneho rozpočtu Slovenskej republiky ako predpoklad jej začlenenia do medzinárodných ekonomických štruktúr
Charakteristika verejného sektora. Pojem verejné výdavky. Funkčná klasifikácia výdavkov štátneho rozpočtu. Nevyhnutnosť zmien v oblasti prípravy štátneho rozpočtu.
Guardado en:
| Autor principal: | |
|---|---|
| Otros Autores: | , |
| Formato: | Capítulo de libro |
| Lenguaje: | eslovaco |
| Materias: | |
| Etiquetas: |
Sin Etiquetas, Sea el primero en etiquetar este registro!
|
MARC
| LEADER | 00000naa$a2200000$$$4500 | ||
|---|---|---|---|
| 001 | 0013300 | ||
| 005 | 20240502071358.4 | ||
| 041 | 0 | |a slo | |
| 044 | |a SK | ||
| 245 | 1 | 0 | |a Funkčná klasifikácia výdavkov štátneho rozpočtu Slovenskej republiky ako predpoklad jej začlenenia do medzinárodných ekonomických štruktúr |c aut. Kornélia Beličková, Erika Neubauerová, Alena Zubaľová |
| 520 | |a Charakteristika verejného sektora. Pojem verejné výdavky. Funkčná klasifikácia výdavkov štátneho rozpočtu. Nevyhnutnosť zmien v oblasti prípravy štátneho rozpočtu. | ||
| 610 | 2 | 0 | |a výdavky rozpočtu štátneho |
| 610 | 2 | 0 | |a sektor verejný |
| 610 | 2 | 0 | |a deficit rozpočtový |
| 610 | 2 | 0 | |a fondy štátne |
| 610 | 2 | 0 | |a reformy štruktúrne |
| 610 | 2 | 0 | |a vzťahy hospodárske medzinárodné |
| 610 | 2 | 0 | |a Slovensko |
| 610 | 2 | 0 | |a rozpočet štátny |
| 100 | 1 | |a Beličková, Kornélia, 1966- | |
| 700 | 1 | |a Neubauerová, Erika, 1968- | |
| 700 | 1 | |a Zubaľová, Alena, 1959- | |